Microsoft Excel 5 para Windows paso a paso
Збережено в:
| Співавтор: | |
|---|---|
| Формат: | Книга |
| Мова: | Іспанська |
| Опубліковано: |
Madrid
McGraw-Hill
1994
|
| Серія: | Curso Oficial de Microsoft
|
| Предмети: | |
| Теги: |
Додати тег
Немає тегів, Будьте першим, хто поставить тег для цього запису!
|
MARC
| LEADER | 00000nam a2200000 a 4500 | ||
|---|---|---|---|
| 001 | UCY5243 | ||
| 003 | CL-VaPUC | ||
| 008 | 950421e19940000SP |||||||||||||||||spa|d | ||
| 082 | 0 | 4 | |a 005.369 |b CAT |2 21 |
| 110 | 2 | |a CATAPULT |e author |9 333919 | |
| 245 | 1 | 0 | |a Microsoft Excel 5 para Windows paso a paso |
| 300 | |a 347 p | ||
| 942 | |c BK | ||
| 945 | |d 19950421 00:00:00 |a mfernand | ||
| 260 | |a Madrid |b McGraw-Hill |c 1994 | ||
| 650 | 0 | |a Microsoft excel |9 264149 | |
| 650 | 0 | |a Programas de computadores |9 260046 | |
| 650 | 0 | |a Software |9 387312 | |
| 583 | |a last modification |c 19950421 00:00:00 |k Rodrigo Vera | ||
| 490 | 0 | |a Curso Oficial de Microsoft | |
| 999 | |c 232942 |d 232940 | ||
| 952 | |0 0 |1 0 |4 0 |6 005_369000000000000_CAT_1994 |7 0 |8 A |9 237953 |a BIBING |b BIBING |d 2019-11-18 |i 3123308 |o 005.369 CAT 1994 |p 3123308 |r 2025-01-20 |w 2019-11-18 |y BK |k EIQ | ||